00746nam a2200181 a 450000500170000000800400001704000250005704100080008210000320009024501280012226000530025030000160030350201650031965000160048465000200050065000190052065000250053920180803165429.0160411b2009 ck|||||rm||| 00| 0 spa d aCO-BoIAVHcCO-BoIAVH aspa1 aMendoza Cifuentes, Humberto10aRevisión taxonómica del género Centronia D. Don y evaluación de su estatus en la tribu Merianieae (Melastomataceae) aBogotábUniversidad Nacional de Colombiac2009 a164 paginas aTesis (Magister en Ciencias, Biología con énfasis en Linea Sistemática) -- Universidad Nacional de Colombia "Humberto Mendoza Cifuentes Bogotá" , 2009.  aTaxonomía aMelastomataceas aFilogenética aMorfología vegetal